Debts recovery tribunal guide to bank & borrower (Record no. 2765)
[ view plain ]
| 000 -LEADER | |
|---|---|
| fixed length control field | 00676 a2200193 4500 |
| 010 ## - LIBRARY OF CONGRESS CONTROL NUMBER | |
| LC control number | ENG-85498 |
| 020 ## - INTERNATIONAL STANDARD BOOK NUMBER | |
| Terms of availability | 255.00 |
| 035 ## - SYSTEM CONTROL NUMBER | |
| System control number | EN-69031 |
| 037 ## - SOURCE OF ACQUISITION | |
| Source of stock number/acquisition | D.B.Act / Pub |
| 082 14 - DEWEY DECIMAL CLASSIFICATION NUMBER | |
| Classification number | 346.077 |
| 090 ## - LOCALLY ASSIGNED LC-TYPE CALL NUMBER (OCLC); LOCAL CALL NUMBER (OCLC) | |
| -- | 2819 |
| -- | 2819 |
| 100 1# - MAIN ENTRY--PERSONAL NAME | |
| Personal name | Kabra, Mahesh Shriniwas |
| 245 1# - TITLE STATEMENT | |
| Title | Debts recovery tribunal guide to bank & borrower |
| Statement of responsibility, etc | by Mahesh Shriniwas Kabra |
| 260 ## - PUBLICATION, DISTRIBUTION, ETC. (IMPRINT) | |
| Place of publication, distribution, etc | Ahmed Nagar |
| Name of publisher, distributor, etc | Maheshwari Prakashan |
| Date of publication, distribution, etc | 2006 |
| 270 ## - ADDRESS | |
| Address | 3458, Khist Galli, NR. Karanja |
| City | Ahmednagar |
| Postal code | 414 001 |
| Telephone number | 9371505083 |
| Electronic mail address | mskabra@reddifmail.com |
| 300 ## - PHYSICAL DESCRIPTION | |
| Extent | 305 p. |
| Dimensions | 23 cm (Pbk.) |
| 942 ## - ADDED ENTRY ELEMENTS (KOHA) | |
| Institution code [OBSOLETE] | dp |
| Koha item type | English Books |
| Call number prefix | 346.077 / KAB |
| Withdrawn status | Lost status | Source of classification or shelving scheme | Damaged status | Not for loan | Collection code | Home library | Current library | Source of acquisition | Cost, normal purchase price | Total Checkouts | Full call number | Barcode | Date last seen | Copy number | Uniform Resource Identifier | Cost, replacement price | Price effective from | Koha item type |
|---|---|---|---|---|---|---|---|---|---|---|---|---|---|---|---|---|---|---|
| Dewey Decimal Classification | Not For Loan | Non-fiction | D.B.Act.Division | D.B.Act.Division | DBAD/PUB | 255.00 | 346.077 KAB | EN-69031 | 15/09/2008 | 1 | 2955 | 255.00 | 15/09/2008 | English Books |
